[Event "VII Ugra Governor's Cup"]
[Site "Khanty-Mansiysk RUS"]
[Date "2011.09.03"]
[Round "4"]
[White "Obodchuk,A"]
[Black "Fedorov,Alex"]
[Result "1/2-1/2"]
[WhiteElo "2373"]
[BlackElo "2598"]

1.d4 Nf6 2.c4 g6 3.Nc3 Bg7 4.e4 d6 5.Nf3 O-O 6.Be2 e5 7.O-O Nc6 8.Be3 Ng4
9.Bg5 f6 10.Bc1 f5 11.d5 Ne7 12.Ng5 Nf6 13.exf5 Nxf5 14.Bd3 c6 15.Nge4 Nxe4
16.Bxe4 c5 17.Qd3 a6 18.Bd2 Rb8 19.Rab1 Qc7 20.b4 cxb4 21.Rxb4 Bd7 22.Rc1 Rfc8
23.Ne2 Qd8 24.Ng3 Nxg3 25.Qxg3 b5 26.cxb5 Rxc1+ 27.Bxc1 Qc7 28.Bd2 Rxb5 29.Rxb5 Bxb5
30.Qc3 Qxc3 31.Bxc3 Kf7 32.Bd2 Bf6 33.a3 Bd8 34.g4 Bc7 35.Kg2 g5 36.Kg3 h6
37.Bb4 Ke7 38.h4 Bb6 39.hxg5 hxg5 40.Bd2 Kf6 41.Kf3 a5 42.Bc1 Bc5 43.Kg3 a4
44.Kf3 Kf7 45.Kg3 Ke8 46.Kf3 Kd7 47.Kg3 Kc7 48.Kf3 Kb7 49.Kg3 Ka6 50.Bxg5 Bxa3
51.Be3 Bc5 52.Bxc5 dxc5  1/2-1/2

[Event "TCh-POL 1st League"]
[Site "Mrzezyno POL"]
[Date "2011.09.03"]
[Round "1"]
[White "Cagara,P"]
[Black "Wisniowska,K"]
[Result "1/2-1/2"]
[WhiteElo "2045"]
[BlackElo "2074"]

1.d4 g6 2.Nf3 Nf6 3.c4 Bg7 4.Nc3 O-O 5.e4 d6 6.Be2 e5 7.O-O Nc6 8.d5 Ne7
9.Nd2 c6 10.b4 a5 11.bxa5 Qxa5 12.Qc2 Qc7 13.Qd3 b5 14.dxc6 bxc4 15.Nxc4 Rd8
16.Bg5 Qxc6 17.Bxf6 Bxf6 18.Rfd1 Ba6 19.Nd5 Nxd5 20.exd5 Qc5 21.Qf3 Bg7 22.Rac1 Qa7
23.Bf1 Bb5 24.Nxe5 Bxe5 25.Bxb5 Qxa2 26.Rc7 Rf8 27.Bc6 Ra7 28.Rxa7 Qxa7 29.g3 Rb8
30.Rd2 Qa1+ 31.Rd1 Qb2 32.Kg2 Qc2 33.Qd3 Qxd3 34.Rxd3  1/2-1/2

[Event "3rd Julio Bolbochan Mem"]
[Site "Banfield ARG"]
[Date "2011.09.04"]
[Round "7.4"]
[White "Meza,Hu"]
[Black "Guerrero,Alv"]
[Result "1-0"]
[WhiteElo "2288"]
[BlackElo "2210"]

1.d4 Nf6 2.c4 g6 3.Nc3 Bg7 4.e4 d6 5.Nf3 O-O 6.Be2 e5 7.O-O Nc6 8.d5 Ne7
9.Ne1 Ne8 10.Nd3 f5 11.Bd2 Nf6 12.f3 c5 13.a3 b6 14.b4 h5 15.bxc5 bxc5 16.Nf2 f4
17.a4 g5 18.a5 Kh8 19.a6 Rg8 20.Nb5 Qd7 21.h3 Ne8 22.Qa4 Ng6 23.Rfb1 Qe7
24.Na3 Bd7 25.Qa5 Bc8 26.Qb5 Nc7 27.Qc6 g4 28.fxg4 hxg4 29.Nxg4 Nxa6 30.Nb5 Rd8
31.Qxa8 Bxg4 32.Qxd8+ Qxd8 33.Bxg4 Nb4 34.Rxa7 Kh7 35.Rba1 Kh6 36.Rd7 Qh4
37.Nxd6  1-0

[Event "10th Sunny Beach Open"]
[Site "Sunny Beach BUL"]
[Date "2011.09.04"]
[Round "9.42"]
[White "Yakimenko,Alex"]
[Black "Gvilava,M"]
[Result "1-0"]
[WhiteElo "2178"]
[BlackElo "2018"]

1.d4 Nf6 2.c4 g6 3.Nc3 Bg7 4.e4 d6 5.Nf3 O-O 6.Be2 e5 7.O-O Nc6 8.d5 Ne7
9.Ne1 Nd7 10.Nd3 f5 11.f3 c6 12.Be3 cxd5 13.cxd5 a6 14.Qb3 f4 15.Bf2 g5 16.Rac1 Ng6
17.Qb4 Rf7 18.a4 Bf8 19.a5 h5 20.Na4 Rg7 21.Rc3 g4 22.Rfc1 g3 23.hxg3 fxg3
24.Bxg3 Qg5 25.Bf2 Nf4 26.Nxf4 exf4 27.Bf1 Nc5 28.Nxc5 dxc5 29.Bxc5 Bh3 30.R1c2 h4
31.Bxf8 Rxf8 32.Rc7 Rff7 33.Rxf7 Rxf7 34.Qd4 Rg7 35.b4 Qg3 36.Qf2 Qg5 37.Kh1 Bd7
38.Rc7 Qh5 39.Rxb7 Qe5 40.b5 Qa1 41.bxa6 h3 42.gxh3  1-0

[Event "US Chess League 2011"]
[Site "ICC INT"]
[Date "2011.09.06"]
[Round "2"]
[White "Riordan,C"]
[Black "Pressman,L"]
[Result "1/2-1/2"]
[WhiteElo "2339"]
[BlackElo "2284"]

1.d4 Nf6 2.c4 g6 3.Nc3 Bg7 4.e4 d6 5.Be2 O-O 6.Nf3 e5 7.O-O Nc6 8.d5 Ne7
9.b4 Nh5 10.Re1 a5 11.bxa5 Rxa5 12.Nd2 Nf4 13.Bf1 c5 14.a4 Bd7 15.Ra3 Qe8
16.Nb5 Bxb5 17.cxb5 Qd8 18.Nc4 Ra8 19.a5 h6 20.g3 Nh5 21.a6 b6 22.Kh1 Kh7
23.f4 exf4 24.gxf4 Bd4 25.Be2 f5 26.Bxh5 gxh5 27.Qxh5 Ra7 28.Rh3 Rf6 29.exf5 Nxd5
30.Re6 Rg7 31.Rg3 Nc7 32.Rxg7+ Kxg7 33.Qg4+ Kh7 34.Rxf6 Qxf6 35.Qg6+ Qxg6
36.fxg6+ Kxg6 37.Nxd6 Kf6 38.Nc4 Nxb5 39.Nxb6 c4 40.Nxc4 Nc7 41.Kg2 Nxa6
42.Kf3 Kf5 43.Nd6+ Ke6 44.Ne4 Nc7 45.Ng3 Kf7 46.Kg4 Kg6 47.f5+ Kh7 48.Kf4 Bg1
49.Nf1 Kg7 50.Ke5 h5 51.Kd6 Nb5+ 52.Ke7 Bc5+ 53.Ke6 Bd4 54.Bg5 Nc7+ 55.Kd7 Nd5
56.Ng3 Kf7 57.Nxh5 Be3 58.Kd6 Bxg5 59.Kxd5 Bc1 60.Ke4 Bb2 61.Kf4 Bc1+ 62.Kg4 Bb2
63.Kg5 Bc3 64.h4 Bb2 65.Ng3 Bc1+ 66.Kg4 Bd2 67.Ne4 Bc1 68.Kf3 Ba3 69.Kf4 Bc1+
70.Ke5 Bb2+ 71.Kd5 Ba1 72.Nf2 Kf6 73.Ke4 Bc3 74.Kf4 Bd2+ 75.Kg4 Be1 76.Nd3 Bxh4
77.Nf4 Be1 78.Nh5+ Kf7 79.Kg5 Bd2+ 80.Nf4 Bxf4+ 81.Kxf4 Kf6 82.Ke4 Kf7 83.Ke5 Ke7  1/2-1/2

[Event "10th Izmir Open"]
[Site "Izmir TUR"]
[Date "2011.09.06"]
[Round "7"]
[White "Yargici,M"]
[Black "Arat,Uf"]
[Result "0-1"]
[WhiteElo "1921"]
[BlackElo "2068"]

1.d4 Nf6 2.c4 g6 3.Nc3 Bg7 4.e4 d6 5.Nf3 O-O 6.Be2 e5 7.O-O Nc6 8.d5 Ne7
9.Ne1 Nd7 10.Be3 f5 11.f3 f4 12.Bf2 g5 13.Nd3 Nf6 14.c5 Ng6 15.a4 h5 16.a5 g4
17.cxd6 cxd6 18.Nb5 g3 19.Bxa7 Nh7 20.Qd2 Bd7 21.Nxd6 Rxa7 22.Nc5 Qh4 23.h3 Bxh3
24.gxh3 Qxh3 25.Bd1 Nh4 26.Nf5 Rxf5 27.exf5 g2 28.Bb3 Ng5 29.d6+ Kh7 30.Bd5 e4
31.Bxe4 Bd4+ 32.Qxd4 gxf1=Q+  0-1

[Event "10th Izmir Open"]
[Site "Izmir TUR"]
[Date "2011.09.06"]
[Round "7"]
[White "Koksal,E"]
[Black "Sahin,Oz"]
[Result "1-0"]
[WhiteElo "1993"]
[BlackElo "1790"]

1.d4 Nf6 2.c4 g6 3.Nc3 Bg7 4.e4 d6 5.Nf3 O-O 6.Be2 e5 7.O-O Nc6 8.d5 Ne7
9.Ne1 Nd7 10.Nd3 f5 11.f3 Nf6 12.c5 a5 13.a4 Kh8 14.cxd6 cxd6 15.Bd2 Bd7
16.Ra3 Qb6+ 17.Nf2 Qd4 18.Bg5 Qc5 19.Kh1 h6 20.Bxf6 Bxf6 21.Rb3 b6 22.Bb5 Bc8
23.Nb1 fxe4 24.Nxe4 Qxd5 25.Rd3 Qe6 26.Rxd6 Qf5 27.Nbc3 Bg5 28.Nd5 Nxd5 29.Qxd5 Rb8
30.Bc6 Be7 31.Bd7 Bxd7 32.Rxd7 Rfd8 33.Rxd8+ Rxd8 34.Qb7 Qe6 35.h3 Rd7 36.Qc8+ Kg7
37.Rc1 Qd5 38.Qe8 Bd8 39.Rc8 Qd1+ 40.Kh2 Qd5 41.Rxd8 Rxd8 42.Qe7+ Qf7 43.Qxd8 Qf4+
44.g3 Qxf3 45.Qe7+ Kh8 46.Qf6+  1-0

[Event "TCh-POL 1st League"]
[Site "Mrzezyno POL"]
[Date "2011.09.07"]
[Round "5"]
[White "Maksimenko,An"]
[Black "Walach,M"]
[Result "1-0"]
[WhiteElo "2553"]
[BlackElo "2369"]

1.d4 Nf6 2.c4 g6 3.Nc3 Bg7 4.e4 d6 5.Be2 O-O 6.Nf3 e5 7.O-O Nc6 8.d5 Ne7
9.Nd2 Nd7 10.b4 f5 11.a4 Nf6 12.f3 f4 13.c5 g5 14.Nc4 Ne8 15.Ba3 Rf6 16.b5 b6
17.cxd6 Nxd6 18.Rc1 Rh6 19.Rf2 Qe8 20.Bf1 Rg6 21.Be2 Rh6 22.Nd2 Qh5 23.Nf1 Qh4
24.Qd3 g4 25.fxg4 Bxg4 26.Nb1 Rc8 27.Nbd2 Bxe2 28.Rxe2 Qg4 29.Nf3 Rg6 30.Rec2 Bf6
31.Qe2 Qd7 32.N1d2 Rg7 33.Nc4 Nxc4 34.Rxc4 Ng6 35.Rc6 Nh4 36.Nxh4 Bxh4 37.d6 Bd8
38.Bb2 Ra8 39.Bxe5 cxd6 40.Bxg7  1-0

[Event "5th ch-Euro IBCA"]
[Site "Rhodes GRE"]
[Date "2011.09.07"]
[Round "2.14"]
[White "Mackowiak,M"]
[Black "Muri,E"]
[Result "1-0"]
[WhiteElo "2206"]
[BlackElo "2028"]

1.c4 g6 2.Nc3 Bg7 3.d4 Nf6 4.e4 d6 5.Nf3 O-O 6.Be2 e5 7.O-O Nc6 8.d5 Ne7
9.Ne1 Nd7 10.Be3 f5 11.f3 f4 12.Bf2 g5 13.a4 Nf6 14.a5 h5 15.c5 g4 16.a6 b6
17.cxd6 cxd6 18.Bh4 Ng6 19.Bxf6 Qxf6 20.fxg4 hxg4 21.Bxg4 Qg5 22.Bxc8 Raxc8
23.Nf3 Qh5 24.Nb5 Nh4  1-0

[Event "Sorea Open"]
[Site "Stara Lubovna SVK"]
[Date "2011.09.09"]
[Round "2"]
[White "Medvec,M SVK"]
[Black "Naigebauer,Martin"]
[Result "0-1"]
[WhiteElo "1843"]
[BlackElo "1812"]

1.d4 Nf6 2.c4 g6 3.Nc3 Bg7 4.e4 O-O 5.Nf3 d6 6.Be2 e5 7.O-O Nc6 8.d5 Ne7
9.b4 Nd7 10.Nd2 f5 11.f3 Nf6 12.c5 f4 13.cxd6 cxd6 14.Ba3 g5 15.Re1 Rf7 16.Kh1 Ng6
17.Nc4 Bf8 18.Rc1 h5 19.Bf1 g4 20.Rc2 Nh4 21.Qe2 Rg7 22.Rec1 Ne8 23.Qf2 Qg5
24.Be2 Bd7 25.Na5 b6 26.Nc6 Nf6 27.Nb5 g3 28.Qg1 gxh2 29.Qxh2 Ng4 30.fxg4 hxg4
31.g3 Rh7 32.gxh4 Rxh4 33.Bd3 Rxh2+ 34.Rxh2 g3 35.Rg1 Bg4  0-1

[Event "9th Amantea Open"]
[Site "Amantea ITA"]
[Date "2011.09.10"]
[Round "8"]
[White "Gregori,Giacomo"]
[Black "Van Melkebeke,W"]
[Result "1-0"]
[WhiteElo "1993"]
[BlackElo "1926"]

1.Nf3 g6 2.d4 Bg7 3.c4 d6 4.Nc3 Nf6 5.e4 O-O 6.Be2 e5 7.O-O Nc6 8.d5 Ne7
9.b4 Nh5 10.c5 Nf4 11.Bxf4 exf4 12.Rc1 h6 13.Nd4 h5 14.Qd2 Kh7 15.Nf3 Bh6
16.cxd6 cxd6 17.Qd4 g5 18.Qf6 Ng8 19.Qxd8 Rxd8 20.Nd4 g4 21.f3 Ne7 22.Ncb5 a6
23.Na3 b5 24.Rc7 Rd7 25.Rfc1 Bg7 26.Nb3 Bb2 27.Rxd7 Bxd7 28.Rc7 Be8 29.Nc2 Rc8
30.Rxc8 Nxc8 31.fxg4 hxg4 32.Bxg4 Nb6 33.Kf2 Bd7 34.Bxd7 Nxd7 35.Kf3 Be5
36.Ncd4 Kg6 37.Nc6 Kg5 38.Nba5 f5 39.exf5 Kxf5 40.h4 Nb6 41.Ne7+ Kf6 42.Nac6 Kf7
43.Ke4 Nd7 44.Nxe5+ dxe5 45.Nc6 Kf6 46.h5 Kg5 47.h6 Kxh6 48.Kf5 Nb6 49.d6 Kh5
50.Nxe5  1-0

[Event "2nd Zlatni Rat Open"]
[Site "Bol CRO"]
[Date "2011.09.10"]
[Round "1.11"]
[White "Jurasin,M"]
[Black "Martic,Z"]
[Result "0-1"]
[WhiteElo "2049"]
[BlackElo "2364"]

1.Nf3 Nf6 2.c4 g6 3.d4 Bg7 4.Nc3 O-O 5.e4 d6 6.Be2 e5 7.O-O Nc6 8.dxe5 dxe5
9.Be3 Bg4 10.h3 Bxf3 11.Bxf3 Nd4 12.g3 c6 13.Bg2 Nh5 14.Qa4 Qe7 15.Rad1 Rfd8
16.b4 a6 17.Rd2 b5 18.Qa5 Bf6 19.c5 Rd7 20.Ne2 Qe6 21.Bxd4 exd4 22.Rfd1 Rad8
23.Rd3 Ra8 24.f4 g5 25.f5 Qe5 26.Qb6 Rc8 27.Qxa6 Rcc7 28.a4 Ra7 29.Qxc6 bxa4
30.Qb5 a3 31.Ra1 Rdb7 32.Qc4 Ra4 33.Raxa3 Rbxb4 34.Rxa4 Rxc4 35.Rxc4 Qb8
36.Rc1 Qb5 37.Rcd1 Qxc5 38.Bf3 Ng7 39.Nxd4 Ne8 40.Kg2 Bxd4 41.Rxd4 Nf6 42.R1d2 h5  0-1

[Event "13th Trieste Open"]
[Site "Trieste ITA"]
[Date "2011.09.10"]
[Round "9"]
[White "Pasquotto,M"]
[Black "Franca,Veronika"]
[Result "0-1"]
[WhiteElo "1899"]
[BlackElo "1833"]

1.d4 Nf6 2.c4 g6 3.Nc3 Bg7 4.e4 d6 5.Nf3 O-O 6.Be2 e5 7.O-O Nc6 8.d5 Nd7
9.Ne1 Ne7 10.Be3 f5 11.f3 f4 12.Bf2 g5 13.a4 a5 14.Nd3 b6 15.Be1 Kh8 16.b4 axb4
17.Nb5 Nf6 18.Bxb4 g4 19.Qc2 Ng6 20.a5 gxf3 21.Bxf3 bxa5 22.Rxa5 Rxa5 23.Bxa5 Ne8
24.c5 Qd7 25.Rb1 Ba6 26.Nc3 Nh4 27.Ne1 Nxf3+ 28.Nxf3 Qg4 29.Rb8 Bh6 30.Nb5 Bxb5
31.Rxb5 Rg8 32.Kf1 Bf8 33.c6 Qg6 34.Rb4 Nf6 35.Qe2 Ng4 36.g3 fxg3 37.hxg3 Qh5
38.Ke1 Nf6 39.Nh4 Qg5 40.Nf5 Qc1+ 41.Qd1 Qc3+ 42.Ke2 Nxe4 43.Rxe4 Qxa5 44.Rh4 Qa2+
45.Ke3 Rg5 46.Qd3 Qb2 47.g4 Qb4 48.Ke2 Rxg4 49.Rh2 Qe4+ 50.Qxe4 Rxe4+ 51.Kd3 Rf4
52.Rh5 h6 53.Kc3 Kh7 54.Ne3 Kg6 55.Rh1 h5 56.Rb1 h4 57.Rb7 Rf7 58.Ng4 Kg5
59.Nh2 h3 60.Kd3 Kf4 61.Rb4+ Kg3 62.Ng4 h2  0-1

[Event "8th LGA Premium Cup"]
[Site "Nuernberg GER"]
[Date "2011.09.11"]
[Round "7.14"]
[White "Bischoff,K"]
[Black "Koepke,C"]
[Result "1/2-1/2"]
[WhiteElo "2547"]
[BlackElo "2388"]

1.c4 Nf6 2.Nc3 g6 3.e4 d6 4.d4 Bg7 5.Be2 O-O 6.Nf3 e5 7.O-O Nc6 8.d5 Ne7
9.Ne1 Nd7 10.Nd3 f5 11.Bd2 Nf6 12.f3 f4 13.c5 g5 14.cxd6 cxd6 15.Nf2 h5 16.h3 Ng6
17.Qc2 Rf7 18.Rfc1 g4 19.fxg4 hxg4 20.hxg4 Ne8 21.Bf3 Bf6 22.a4 Bh4 23.Ncd1 Bg3
24.Kf1 Qh4 25.Qxc8 Rxc8 26.Rxc8 Re7 27.Rac1 Kf7 28.a5 Nf8 29.b4 a6 30.Ke2 Rd7
31.Nd3 Qe7 32.N1f2 Rc7 33.Nh3 Rxc1 34.Bxc1 Qd7 35.Rc2 Bh4 36.Bb2 Ng6 37.g5 Qe7
38.Bg4  1/2-1/2

[Event "ch-Euro Youth b16"]
[Site "Albena BUL"]
[Date "2011.09.15"]
[Round "5.12"]
[White "Indjic,A"]
[Black "Taichman,O"]
[Result "1-0"]
[WhiteElo "2391"]
[BlackElo "2074"]

1.d4 Nf6 2.c4 g6 3.Nc3 Bg7 4.e4 d6 5.Nf3 O-O 6.Be2 e5 7.O-O Nc6 8.dxe5 dxe5
9.Bg5 Qxd1 10.Rfxd1 Bg4 11.h3 Bxf3 12.Bxf3 Nd4 13.Nd5 Nxd5 14.cxd5 f6 15.Bd2 Rf7
16.Rac1 Bf8 17.Be3 Nb5 18.Be2 Nd6 19.Bd3 Nc8 20.Rc3 Bd6 21.Rb3 Rb8 22.Rc1 Kf8
23.a4 Ke8 24.Ba6 c6 25.Bc4 c5 26.f3 Rc7 27.Kf2 Be7 28.Ke2 Kd8 29.Kd3 Nd6
30.Bd2 Rbc8 31.g3 b6 32.f4 Nf7 33.a5 exf4 34.gxf4 g5 35.axb6 axb6 36.Rxb6 gxf4
37.Bxf4 Ne5+ 38.Bxe5 fxe5 39.d6 Rd7 40.Be6 c4+ 41.Ke2 Bxd6 42.Bxd7 Kxd7 43.Rd1 Rc6
44.Rxc6 Kxc6 45.Kd2 Bc5 46.Kc3 Bd4+ 47.Rxd4 exd4+ 48.Kxc4  1-0

[Event "2nd Livigno Open A"]
[Site "Livigno ITA"]
[Date "2011.09.17"]
[Round "8.5"]
[White "Bruno,Fabi"]
[Black "Timoshenko,G"]
[Result "0-1"]
[WhiteElo "2431"]
[BlackElo "2572"]

1.Nf3 Nf6 2.d4 g6 3.c4 Bg7 4.Nc3 O-O 5.e4 d6 6.Be2 e5 7.O-O Nc6 8.d5 Ne7
9.Bd2 Nd7 10.Rc1 Kh8 11.c5 Nxc5 12.b4 Na6 13.Qa4 Nb8 14.Rfd1 h6 15.Ne1 f5
16.f3 f4 17.Nd3 h5 18.Be1 g5 19.Nf2 Rf6 20.Nb5 c6 21.Na3 Rg6 22.Nc4 g4 23.dxc6 Nbxc6
24.b5 Nd4 25.Rxd4 exd4 26.Nd3 gxf3 27.Bxf3 Bg4 28.Bxg4 hxg4 29.Nxf4 Rh6 30.Bg3 d5
31.Nd2 d3 32.Nb3 a6 33.Nxd3 axb5 34.Qxb5 dxe4 35.Ndc5 Rxa2 36.Qxb7 e3 37.Qe4 Qd5
38.Bf4 Qxe4 39.Nxe4 Rb6 40.Nec5 Nd5 41.Bg3 Rb2 42.h3 gxh3 43.gxh3 Rg6  0-1

[Event "ch-Nordic Senior"]
[Site "Reykjavik ISL"]
[Date "2011.09.17"]
[Round "8.16"]
[White "Ingvason,S"]
[Black "Eiriksson,S"]
[Result "1-0"]
[WhiteElo "2016"]
[BlackElo "1965"]

1.Nf3 Nf6 2.c4 g6 3.d4 Bg7 4.Nc3 O-O 5.e4 d6 6.Be2 e5 7.O-O Nc6 8.Bg5 h6
9.Be3 Ng4 10.Bd2 f5 11.dxe5 Ngxe5 12.exf5 Bxf5 13.Be3 Nb4 14.c5 Nc2 15.cxd6 cxd6
16.Qd2 Nxa1 17.Rxa1 Kh7 18.h3 Qd7 19.Rd1 Rfd8 20.Nd5 Qf7 21.Nh4 Rac8 22.Nxf5 gxf5
23.b3 b6 24.f4 Nc6 25.Qd3 Qg6 26.Bf3 Rg8 27.Bf2 Rce8 28.Ne3 Rgf8 29.Kh2 Rd8
30.g4 Ne7 31.Rg1 Qf6 32.Nxf5 Nxf5 33.gxf5 Kh8 34.Rg6 Qxf5 35.Be4 Qxf4+ 36.Bg3 Qf1
37.Qd5 Rf6 38.Bg2 Qf5  1-0

[Event "ch-Euro Youth b16"]
[Site "Albena BUL"]
[Date "2011.09.18"]
[Round "7.6"]
[White "Santos Latasa,J"]
[Black "Apryshko,G"]
[Result "1-0"]
[WhiteElo "2309"]
[BlackElo "2255"]

1.d4 Nf6 2.c4 g6 3.Nc3 Bg7 4.e4 O-O 5.Be2 d6 6.Nf3 e5 7.O-O Nc6 8.d5 Ne7
9.Ne1 Nd7 10.Be3 f5 11.f3 f4 12.Bf2 g5 13.Rc1 Ng6 14.Nb5 Nf6 15.c5 a6 16.cxd6 axb5
17.dxc7 Qe8 18.Qb3 Bd7 19.Nd3 g4 20.Nc5 g3 21.Be1 Kh8 22.Nxd7 gxh2+ 23.Kh1 Qxd7
24.Bxb5 Qc8 25.d6 Ra6 26.Bxa6 bxa6 27.Bf2 Qd7 28.Qb7 Rc8 29.Qc6 Nf8 30.Qxd7 N8xd7
31.Rc6 a5 32.Ra6 Bf8 33.Rd1 Ne8 34.Be1  1-0

[Event "1st Marcel Duchamp"]
[Site "Buenos Aires ARG"]
[Date "2011.09.20"]
[Round "7"]
[White "Flores,Di"]
[Black "Lemos,D"]
[Result "1/2-1/2"]
[WhiteElo "2599"]
[BlackElo "2543"]

1.c4 Nf6 2.Nc3 g6 3.e4 d6 4.d4 Bg7 5.Nf3 O-O 6.Be2 e5 7.O-O Nc6 8.d5 Ne7
9.Kh1 Nh5 10.g3 f5 11.exf5 Nxf5 12.Ng5 Nd4 13.Bd3 Nf6 14.f3 h6 15.Nge4 Bh3
16.Rf2 Qd7 17.Be3 Nf5 18.Qd2 Nh7 19.Bf1  1/2-1/2

[Event "1st Marcel Duchamp"]
[Site "Buenos Aires ARG"]
[Date "2011.09.21"]
[Round "8"]
[White "Fusco,L"]
[Black "Martinez de Negri,G"]
[Result "1/2-1/2"]
[WhiteElo "2392"]
[BlackElo "2083"]

1.c4 Nf6 2.Nc3 g6 3.e4 d6 4.d4 Bg7 5.Be2 O-O 6.Nf3 e5 7.O-O Nc6 8.d5 Ne7
9.b4 Nh5 10.Re1 f5 11.Ng5 Nf6 12.Bf3 h6 13.Ne6 Bxe6 14.dxe6 fxe4 15.Nxe4 Nxe4
16.Bxe4 c6 17.b5 d5 18.cxd5 cxd5 19.Ba3 dxe4 20.Qxd8 Rfxd8 21.Bxe7 Rd5 22.Rac1 Rxb5
23.h4 Rb6 24.Rc7 Rxe6 25.Rd1 Rb8 26.Rdd7 Rc6 27.Rxc6 bxc6 28.Rxa7 Bf8 29.g3 Bxe7
30.Rxe7 Ra8 31.Rxe5 Rxa2 32.Rxe4 Kf7 33.Rc4  1/2-1/2

[Event "31st Munich OIS A"]
[Site "Munich GER"]
[Date "2011.09.21"]
[Round "5.6"]
[White "Zur Lage,J"]
[Black "Jorczik,J"]
[Result "1/2-1/2"]
[WhiteElo "2034"]
[BlackElo "2392"]

1.d4 Nf6 2.c4 g6 3.Nc3 Bg7 4.e4 d6 5.Nf3 O-O 6.Be2 e5 7.O-O Nc6 8.d5 Ne7
9.b4 a5 10.Ba3 b6 11.bxa5 Nh5 12.Nb5 Rxa5 13.Bb4 Ra6 14.Nd2 Nf4 15.a4 f5
16.Ra3 Rf6 17.Bf3 c6 18.dxc6 Nxc6 19.Bc3 Bb7 20.Nb3 Qe7 21.Re1 Bf8 22.Ra2 Kh8
23.Rd2 Rxa4 24.Nc5 dxc5 25.Rd7 Qe6 26.Rxb7 Qxc4 27.Qd7 Be7 28.Bxe5 Nxe5 29.Qxe7 Nh3+
30.gxh3 Nxf3+ 31.Kh1 Rf7 32.Qe8+ Kg7 33.Nd6 Rxb7 34.Nxc4 Nxe1 35.Qe5+ Kh6
36.Nd6 Rba7 37.Qf4+ Kg7 38.Qe5+ Kh6 39.Nxf5+ gxf5 40.Qf6+ Kh5 41.Qxf5+ Kh6
42.Qf6+ Kh5 43.Qf5+ Kh6 44.Qf6+ Kh5  1/2-1/2

[Event "8th Highlands Open"]
[Site "Zdar nad Sazavou CZE"]
[Date "2011.09.27"]
[Round "4"]
[White "Smolik,Boris"]
[Black "Jelinek,V"]
[Result "0-1"]
[WhiteElo "1952"]
[BlackElo "2041"]

1.d4 g6 2.c4 Bg7 3.Nc3 Nf6 4.e4 d6 5.Nf3 O-O 6.Be2 e5 7.O-O Nc6 8.d5 Ne7
9.b4 Nd7 10.Re1 f5 11.Ng5 Nf6 12.Bf3 f4 13.c5 Ne8 14.Bg4 Bf6 15.Ne6 Bxe6
16.Bxe6+ Kh8 17.f3 Ng7 18.Bh3 g5 19.a4 Ng6 20.Ba3 Be7 21.Rc1 h5 22.cxd6 cxd6
23.Nb5 g4 24.fxg4 f3 25.gxf3 Nf4 26.Bg2 Qb6+ 27.Kh1 Nxg2 28.Kxg2 hxg4 29.fxg4 Rf2+
30.Kh1 Raf8 31.Rc2 Bh4 32.Rg1 Qe3 33.Re1 Qh3  0-1

[Event "Campomanes Mem GM"]
[Site "Yangon MYA"]
[Date "2011.09.29"]
[Round "13"]
[White "Nguyen Anh Dung"]
[Black "Htun Htun Than"]
[Result "1-0"]
[WhiteElo "2479"]
[BlackElo "2363"]

1.d4 Nf6 2.c4 g6 3.Nc3 Bg7 4.e4 d6 5.Nf3 O-O 6.Be2 e5 7.O-O Nc6 8.Be3 Ng4
9.Bg5 f6 10.Bh4 h5 11.d5 Ne7 12.Nd2 Nh6 13.f3 g5 14.Bf2 f5 15.c5 f4 16.cxd6 cxd6
17.Rc1 g4 18.Nb5 Ng6 19.Nc7 g3 20.hxg3 fxg3 21.Bxg3 Qg5 22.Bh2 Rb8 23.Nc4 Qe7
24.Ne6 Nf7 25.Ne3 Bxe6 26.dxe6 Qxe6 27.Bc4 Qf6 28.Nf5 Kh7 29.f4 exf4 30.Qxh5+ Nh6
31.Rc3 Ne5 32.Bxf4  1-0

[Event "8th Highlands Open"]
[Site "Zdar nad Sazavou CZE"]
[Date "2011.09.29"]
[Round "7"]
[White "Tesar,J"]
[Black "Cieslak,L"]
[Result "1/2-1/2"]
[WhiteElo "2106"]
[BlackElo "1985"]

1.d4 g6 2.c4 Bg7 3.Nc3 Nf6 4.e4 d6 5.Nf3 O-O 6.Be2 e5 7.O-O Nc6 8.d5 Ne7
9.b4 a5 10.Ba3 axb4 11.Bxb4 b6 12.a4 Ba6 13.a5 Qd7 14.Qc2 Nh5 15.axb6 cxb6
16.Na4 Qc7 17.Rfc1 Nf4 18.Bf1 h6 19.g3 Nh5 20.Qb3 Nf6 21.Nd2 Nd7 22.Ba3 Rfb8
23.Qe3 Nc5 24.Nc3 f5 25.Rc2 fxe4 26.Rca2 Nf5 27.Qe1 Bb7 28.Nb5 Qd8 29.Nxe4 Nb3
30.Rb1 Nbd4 31.Nxd4 Nxd4 32.Qb4 Bf8 33.Kg2 b5 34.cxb5 Rxa3 35.Rxa3 Nc2 36.Qb3 Nxa3
37.Qxa3 Bxd5 38.Qd3 Bb7 39.f3 d5 40.Nc3 Qd6 41.Qc2 Rc8 42.Bd3 Bg7 43.Qb3 Rxc3
44.Qxc3 e4 45.Qd2 exd3 46.Qxd3 Kh7 47.Re1 d4 48.Re8 Qd5 49.Re7 Qa2+ 50.Re2 Qd5
51.Re7 Qa2+ 52.Re2  1/2-1/2

[Event "Oslo GM Open"]
[Site "Oslo NOR"]
[Date "2011.10.06"]
[Round "6.27"]
[White "Thingstad,E"]
[Black "Guttulsrud,O"]
[Result "1/2-1/2"]
[WhiteElo "2234"]
[BlackElo "2190"]

1.d4 Nf6 2.c4 g6 3.Nc3 Bg7 4.e4 d6 5.Nf3 O-O 6.Be2 e5 7.O-O Nc6 8.d5 Ne7
9.Ne1 Nd7 10.f3 f5 11.g4 Kh8 12.h4 c6 13.Be3 Nf6 14.Nd3 a6 15.a4 a5 16.Kg2 c5
17.Nf2 f4 18.Bd2 h5 19.g5  1/2-1/2

[Event "TCh-POL Ekstraliga"]
[Site "Katowice POL"]
[Date "2011.10.07"]
[Round "7.3"]
[White "Macieja,B"]
[Black "Socko,B"]
[Result "1/2-1/2"]
[WhiteElo "2616"]
[BlackElo "2654"]

1.c4 Nf6 2.Nc3 g6 3.e4 d6 4.d4 Bg7 5.Nf3 O-O 6.Be2 e5 7.O-O Nc6 8.d5 Ne7
9.Ne1 Nd7 10.Nd3 f5 11.Bd2 Kh8 12.Rc1 c5 13.f4 exf4 14.Bxf4 Bxc3 15.Rxc3 fxe4
16.Ne1 Nf5 17.g4 g5 18.gxf5 gxf4 19.Rxf4 Ne5 20.Rxe4 Bxf5 21.Rf4 Rg8+ 22.Rg3 Rxg3+
23.hxg3 Qg5 24.Qb3 Rg8 25.Qe3 Qxg3+ 26.Qxg3 Rxg3+ 27.Kf2 Rg5 28.Nf3 Nxf3
29.Rxf3 h5 30.Ra3 h4 31.Rxa7 h3 32.Bf3 h2 33.Rxb7 Bd3 34.b3 Rf5 35.Kg2 Rxf3
36.Kxh2 Rf2+ 37.Kg3 Rxa2 38.Rb6 Rb2 39.Rxd6 Rxb3 40.Rc6 Bxc4+ 41.Kf4 Bxd5
42.Rxc5 Bf7 43.Rc6 Kg7 44.Ra6 Rb5 45.Rc6 Bb3 46.Ra6 Kf7 47.Rc6 Be6 48.Rd6 Kf6
49.Ke4 Rh5 50.Rd4 Rh1 51.Kf4 Rf1+ 52.Ke4 Bf5+ 53.Kd5 Re1 54.Kd6 Be4 55.Rd2 Re3
56.Rd4 Kf5 57.Rd2 Bf3 58.Rf2 Rd3+ 59.Ke7 Ke5 60.Rf1 Ra3 61.Re1+ Be4 62.Ke8 Ra7
63.Re2 Kd5 64.Kf8 Bf5 65.Re7 Ra6 66.Kg7 Be6 67.Kf6 Rb6 68.Ra7 Bc8+ 69.Kg5 Rb4
70.Ra5+ Ke4 71.Rc5 Be6 72.Kf6 Bd5 73.Ra5 Rb6+ 74.Kg5 Ke5 75.Kh5 Rb1 76.Kg5 Rg1+
77.Kh5 Ke4 78.Kh6 Be6 79.Rg5 Ra1 80.Kg6 Ra6 81.Rg1 Bd5+ 82.Kg5 Ke5 83.Rb1 Ra8
84.Rb5 Rg8+ 85.Kh5 Ke6 86.Kh4 Ke5 87.Kh5 Ke4 88.Kh6 Be6 89.Rg5 Ra8 90.Kg6 Kf4
91.Kf6 Ra6 92.Rg1 Bh3+ 93.Ke7  1/2-1/2

[Event "1st Qinhuangdao Open"]
[Site "Qinhuangdao CHN"]
[Date "2011.10.07"]
[Round "9"]
[White "Arutinian,D"]
[Black "Lu Yijie"]
[Result "1/2-1/2"]
[WhiteElo "2577"]
[BlackElo "2370"]

1.d4 Nf6 2.c4 g6 3.Nc3 Bg7 4.e4 d6 5.Nf3 O-O 6.Be2 e5 7.O-O Nc6 8.d5 Ne7
9.Ne1 Nd7 10.Be3 f5 11.f3 f4 12.Bf2 g5 13.Rc1 b6 14.b4 Rf6 15.Nd3 Rh6 16.c5 a6
17.cxd6 cxd6 18.Qa4 Nf6 19.Qb3 Kh8 20.g4 fxg3 21.Bxg3 Nh5 22.Nf2 Nf4 23.Rfe1 Bd7
24.Bf1 b5 25.Ncd1 Neg6 26.Ng4 Rh5 27.Ndf2 Bf8 28.Re3 Be7 29.Rec3 Qb8 30.Rc7  1/2-1/2

[Event "e2e4 High Wycombe Open"]
[Site "Uplands Park ENG"]
[Date "2011.10.07"]
[Round "1"]
[White "Lee,Richard W Y"]
[Black "Hebden,M"]
[Result "0-1"]
[WhiteElo "2028"]
[BlackElo "2506"]

1.Nf3 Nf6 2.d4 g6 3.c4 Bg7 4.Nc3 O-O 5.e4 d6 6.Be2 e5 7.O-O Nc6 8.d5 Ne7
9.Ne1 Nd7 10.f3 f5 11.Be3 f4 12.Bf2 g5 13.b4 Rf6 14.c5 Rh6 15.Rc1 a6 16.a4 Qe8
17.Kh1 Nf6 18.a5 Kh8 19.cxd6 cxd6 20.Na4 Qh5 21.Bg1 Nfxd5 22.exd5 Nf5 23.Rxc8+ Rxc8
24.h3 Ng3+ 25.Kh2 e4 26.Bd4 Qe8 27.Nb6 Rc7 28.Bxg7+ Rxg7 29.Rg1 Qe5 30.Nc4 Qc3
31.Nc2 g4 32.fxg4 Nxe2 33.Qxe2 Qg3+ 34.Kh1 Rxg4 35.Qf1 Rgh4 36.Nd4 Rxh3+  0-1

[Event "World Amateur Chess Championship"]
[Site "Antalya TUR"]
[Date "2011.10.08"]
[Round "7"]
[White "Virkud,Apurva"]
[Black "Rafee,Mohd Hayel"]
[Result "0-1"]
[WhiteElo "1810"]
[BlackElo "1902"]

1.d4 g6 2.c4 Bg7 3.Nc3 d6 4.e4 Nf6 5.Nf3 O-O 6.Be2 e5 7.O-O Nc6 8.d5 Ne7
9.Nd2 Ne8 10.b4 f5 11.f3 f4 12.c5 h5 13.Nc4 g5 14.a4 Kh8 15.Ba3 Rf6 16.b5 Rg6
17.b6 axb6 18.cxb6 c6 19.dxc6 Nxc6 20.Nb5 Bf8 21.Qc2 g4 22.fxg4 hxg4 23.g3 f3
24.Bd3 Be6 25.Rad1 Rc8 26.Qf2 Ra8 27.Nc3 Be7 28.Rc1 Nd4 29.Ne3 Bg5 30.Rb1 Rc8
31.Ncd5 Rh6 32.Bb2 Nf6 33.Nxf6 Rxf6 34.Nd5 Bxd5 35.exd5 Qxb6 36.Bc1 Ne2+
37.Bxe2 fxe2 38.Rxb6 exf1=Q+ 39.Kxf1 Rxc1+ 40.Kg2 Rxf2+ 41.Kxf2 Rc2+ 42.Kf1 Be7
43.Rxb7 Bf8 44.Rb4 Rxh2 45.Rxg4 Rd2 46.a5 Rxd5 47.Ra4 Rb5 48.a6 Rb8 49.a7 Ra8
50.Ke2 Kg7 51.Kd3 Kf7 52.Kc4 Ke6 53.Kb5 Bh6 54.Ra3 Bc1 55.Rc3 Bb2 56.Rc7 Bd4  0-1

[Event "TCh-CZE Extraliga 2011-12"]
[Site "Czech Republic CZE"]
[Date "2011.10.08"]
[Round "1.1"]
[White "Korobov,A"]
[Black "Zvara,P"]
[Result "1/2-1/2"]
[WhiteElo "2671"]
[BlackElo "2388"]

1.d4 Nf6 2.c4 g6 3.Nc3 Bg7 4.e4 d6 5.Nf3 O-O 6.Be2 e5 7.O-O Nc6 8.d5 Ne7
9.b4 Ne8 10.a4 f5 11.Ng5 Kh8 12.b5 h6 13.Ne6 Bxe6 14.dxe6 Qc8 15.Bf3 Rb8
16.Be3 a5 17.c5 Qxe6 18.cxd6 Nxd6 19.Bc5 Rfd8 20.Qe2 b6 21.Ba3 fxe4 22.Nxe4 Nef5  1/2-1/2